000 nam a22 7a 4500
999 _c8745
_d8745
008 180119b ||||| |||| 00| 0 eng d
100 _aGupta.R.G.etal.
_95090
245 _aComposite Mathematics
260 _aNew Delhi
_bArya
_c2009